|
|
|
|
| LEADER |
03930nam a22004093i 4500 |
| 001 |
EBC7076308 |
| 003 |
MiAaPQ |
| 005 |
20231204023226.0 |
| 006 |
m o d | |
| 007 |
cr cnu|||||||| |
| 008 |
231204s2022 xx o ||||0 eng d |
| 020 |
|
|
|a 9783110698046
|q (electronic bk.)
|
| 035 |
|
|
|a (MiAaPQ)EBC7076308
|
| 035 |
|
|
|a (Au-PeEL)EBL7076308
|
| 035 |
|
|
|a (OCoLC)1341997607
|
| 040 |
|
|
|a MiAaPQ
|b eng
|e rda
|e pn
|c MiAaPQ
|d MiAaPQ
|
| 082 |
0 |
|
|a 915.610415
|
| 100 |
1 |
|
|a Gruber, Doris.
|
| 245 |
1 |
0 |
|a On the Way to The (un)Known ? :
|b The Ottoman Empire in Travelogues (C. 1450-1900).
|
| 250 |
|
|
|a 1st ed.
|
| 264 |
|
1 |
|a Berlin/Boston :
|b Walter de Gruyter GmbH,
|c 2022.
|
| 264 |
|
4 |
|c ©2022.
|
| 300 |
|
|
|a 1 online resource (428 pages)
|
| 336 |
|
|
|a text
|b txt
|2 rdacontent
|
| 337 |
|
|
|a computer
|b c
|2 rdamedia
|
| 338 |
|
|
|a online resource
|b cr
|2 rdacarrier
|
| 490 |
1 |
|
|a Studies on Modern Orient Series ;
|v v.36
|
| 505 |
0 |
|
|a Intro -- Table of Contents -- On the Way to the "(Un)Known"? The Ottoman Empire in Modern Travelogues: Introduction -- I Close Readings -- Comparative Perspectives on the "Orient" and Kurdistan in Early Modern Ottoman and British Travelogues -- "Prokesch and Goethe teach traveling like nobody else": Anton Prokesch's Travel Account of the Holy Land (1831) -- A Reluctant Observer Between Two Empires? The Travels of the Botanist Carl Haussknecht to the Ottoman Empire and Qajar Persia (1865 and 1866-1869) -- The Ottoman Empire through the Eyes of a Chinese Pilgrim: Ma Dexin's Hajj Travelogue in its Historical Context -- Travels from the Orient, Travels to the Orient: Does Comparison Make Sense? -- II Intertextuality and Intermediality -- Representations of the Tomb of Christ in Works Written, Designed, and Commissioned by Otto Friedrich von der Gröben -- Travelogues as Raw Material of Political Knowledge: The Case of the "Oriental" States in the Renger Series (1707-1716) -- Inherited or Witnessed? The Construction of "Otherness" in the Correspondence and Memoirs of Pavel Levashov (c. 1719-1820) -- Oriental Images of Otherness: Fashion Encounters in French Travelogues and Other Representations of the Nineteenth Century -- III Discourses -- Perceptions of the "Unknown"? Medieval and Early Modern Accounts of Pilgrimage to Jerusalem -- "The Barbarousnesse of Turkes and Time": Discourses of Travel and History in Seventeenth-century Eastern Travelogues -- The "Orient" in Europe? Crimea in Western Travelogues from the Late Eighteenth and Early Nineteenth Centuries -- "The West of the Orient": The Depiction of the Ottoman Capital in Persian Hajj Travelogues -- IV Gendered Spaces -- The Ottoman Imperial Harem in European Accounts (From the Fifteenth to the Early Nineteenth Century).
|
| 505 |
8 |
|
|a Effeminate Rulers, Brave Soldiers? "Foreign" Masculinities in Selected Travelogues of Habsburg Diplomats in the Ottoman Empire -- Keeping One's Composure: Levantine Femininities in Hammer-Purgstall's Travel Accounts and Memoirs -- V Distant Readings and Digital History -- The Reshuffling of Middle Eastern Identities in the Age of Nationalism: Insights from Nineteenth-Century Travelogues -- German-Language Travelogues on the "Orient" and the Importance of the Time and Place of Printing, 1500-1876 -- Index -- List of Authors.
|
| 588 |
|
|
|a Description based on publisher supplied metadata and other sources.
|
| 590 |
|
|
|a Electronic reproduction. Ann Arbor, Michigan : ProQuest Ebook Central, 2023. Available via World Wide Web. Access may be limited to ProQuest Ebook Central affiliated libraries.
|
| 655 |
|
4 |
|a Electronic books.
|
| 700 |
1 |
|
|a Strohmeyer, Arno.
|
| 776 |
0 |
8 |
|i Print version:
|a Gruber, Doris
|t On the Way to The (un)Known ?
|d Berlin/Boston : Walter de Gruyter GmbH,c2022
|
| 797 |
2 |
|
|a ProQuest (Firm)
|
| 830 |
|
0 |
|a Studies on Modern Orient Series
|
| 856 |
4 |
0 |
|u https://ebookcentral.proquest.com/lib/matrademy/detail.action?docID=7076308
|z Click to View
|